<?xml version="1.0" encoding="UTF-8"?><?xml-stylesheet type="text/xsl" href="static/style.xsl"?><OAI-PMH xmlns="http://www.openarchives.org/OAI/2.0/" xmlns:xsi="http://www.w3.org/2001/XMLSchema-instance" xsi:schemaLocation="http://www.openarchives.org/OAI/2.0/ http://www.openarchives.org/OAI/2.0/OAI-PMH.xsd"><responseDate>2026-04-19T05:28:01Z</responseDate><request verb="GetRecord" identifier="oai:riubu.ubu.es:10259/7816" metadataPrefix="marc">https://riubu.ubu.es/oai/request</request><GetRecord><record><header><identifier>oai:riubu.ubu.es:10259/7816</identifier><datestamp>2023-12-14T12:50:04Z</datestamp><setSpec>com_10259_2699</setSpec><setSpec>col_10259_2723</setSpec></header><metadata><record xmlns="http://www.loc.gov/MARC21/slim" xmlns:doc="http://www.lyncode.com/xoai" xmlns:xsi="http://www.w3.org/2001/XMLSchema-instance" xmlns:dcterms="http://purl.org/dc/terms/" xsi:schemaLocation="http://www.loc.gov/MARC21/slim http://www.loc.gov/standards/marcxml/schema/MARC21slim.xsd">
<leader>00925njm 22002777a 4500</leader>
<datafield tag="042" ind1=" " ind2=" ">
<subfield code="a">dc</subfield>
</datafield>
<datafield tag="720" ind1=" " ind2=" ">
<subfield code="a">Guevara Robalino, Jorge Javier</subfield>
<subfield code="e">author</subfield>
</datafield>
<datafield tag="260" ind1=" " ind2=" ">
<subfield code="c">2022</subfield>
</datafield>
<datafield tag="520" ind1=" " ind2=" ">
<subfield code="a">La investigación tiene como objetivo reciclar residuos de aserrín, poliestireno, botellas&#xd;
plásticas PET, bolsas plásticas TBP, triturarlas e incorporarlas en la elaboración de dos&#xd;
tipos de bloques: adobe y alivianados de hormigón, para evaluar sus características de&#xd;
resistencia, térmicas y acústicas.&#xd;
Los bloques en el parámetro de resistencia fueron ensayados en una máquina de&#xd;
compresión.&#xd;
Para las pruebas acústicas y térmicas se construyó una cámara con paneles de fibra de&#xd;
vidrio y material aislante, colocando una fuente de calor o de sonido según el ensayo,&#xd;
para después instalar los sensores en los ambientes y la mampostería, obteniendo los datos&#xd;
de las respuestas térmicas y sonoras de las muestras.&#xd;
Los bloques de adobe con mejores resultados fueron los que incorporaron un 15% de los&#xd;
diferentes materiales añadidos, mientras que los bloques alivianados de hormigón los que&#xd;
presentaron mejor desempeño son los que tenían un 25% de material en su composición.</subfield>
</datafield>
<datafield tag="520" ind1=" " ind2=" ">
<subfield code="a">The objective of the research is to recycle waste sawdust, polystyrene, PET plastic bottles,&#xd;
TBP plastic bags, crush them and incorporate them into the production of two types of&#xd;
blocks: adobe and lightened concrete, to evaluate their resistance, thermal and acoustic&#xd;
characteristics.&#xd;
The blocks in the resistance parameter were tested in a compression machine.&#xd;
For the acoustic and thermal tests, a chamber was built with fiberglass panels and&#xd;
insulating material, placing a heat or sound source according to the test, to later install the&#xd;
sensors in the rooms and the masonry, obtaining the response data. thermal and sound of&#xd;
the samples.&#xd;
The adobe blocks with the best results were those that incorporated 15% of the different&#xd;
added materials, while the lightened concrete blocks that presented the best performance&#xd;
were those that had 25% of material in their composition.</subfield>
</datafield>
<datafield tag="024" ind2=" " ind1="8">
<subfield code="a">http://hdl.handle.net/10259/7816</subfield>
</datafield>
<datafield tag="024" ind2=" " ind1="8">
<subfield code="a">10.36443/10259/7816</subfield>
</datafield>
<datafield ind1=" " ind2=" " tag="653">
<subfield code="a">Bloques</subfield>
</datafield>
<datafield ind1=" " ind2=" " tag="653">
<subfield code="a">Mampostería</subfield>
</datafield>
<datafield ind1=" " ind2=" " tag="653">
<subfield code="a">Poliestireno</subfield>
</datafield>
<datafield ind1=" " ind2=" " tag="653">
<subfield code="a">Plástico PET</subfield>
</datafield>
<datafield ind1=" " ind2=" " tag="653">
<subfield code="a">Reciclaje</subfield>
</datafield>
<datafield ind1=" " ind2=" " tag="653">
<subfield code="a">Blocks</subfield>
</datafield>
<datafield ind1=" " ind2=" " tag="653">
<subfield code="a">Masonry</subfield>
</datafield>
<datafield ind1=" " ind2=" " tag="653">
<subfield code="a">Polystyrene</subfield>
</datafield>
<datafield ind1=" " ind2=" " tag="653">
<subfield code="a">PET plastic</subfield>
</datafield>
<datafield ind1=" " ind2=" " tag="653">
<subfield code="a">Recycling</subfield>
</datafield>
<datafield tag="245" ind1="0" ind2="0">
<subfield code="a">Elaboración de bloques tradicionales incorporando material reciclado para la mejora del acondicionamiento térmico y acústico en viviendas rurales de Ecuador</subfield>
</datafield>
</record></metadata></record></GetRecord></OAI-PMH>